[Event "IECC Swiss-552.4"]
[Site "IECC email"]
[Date "2012.01.15"]
[Round "?"]
[White "Cremers, Frans Jozef"]
[Black "Henock, Roy Q"]
[Result "1-0"]
[WhiteElo "1470"]
[BlackElo "1532"]
[PlyCount "31"]
[EventDate "2012.??.??"]
[EventType "swiss (corr)"]
[EventRounds "1"]
[SourceTitle "Corr 2020"]
[Source "ChessBase"]
[SourceDate "2019.09.30"]
[SourceVersion "1"]
[SourceVersionDate "2019.09.30"]
[SourceQuality "1"]
[WhiteTeam "Netherlands"]
[BlackTeam "United States"]
[WhiteTeamCountry "NED"]
[BlackTeamCountry "USA"]

1. e4 e5 2. Nf3 Nf6 3. d4 Nxe4 4. Bd3 Nc6 5. dxe5 d5 6. exd6 Nxd6 7. Nc3 Be7 8. Bf4 Bf6 9. Qe2+ Qe7 10. Nd5 Qxe2+ 11. Bxe2 Bd8 12. 0-0-0 Ne4 13. Bxc7 Nxf2 14. Bxd8 Nxh1 15. Nc7+ Kf8 16. Nxa8 1-0

[Event "IECC Swiss-523"]
[Site "IECC email"]
[Date "2008.06.08"]
[Round "?"]
[White "Cremers, Frans Jozef"]
[Black "Maggiora, Aldo"]
[Result "0-1"]
[WhiteElo "1426"]
[BlackElo "1698"]
[PlyCount "86"]
[EventDate "2008.??.??"]
[EventType "match (corr)"]
[SourceTitle "Corr 2013"]
[Source "ChessBase"]
[SourceDate "2012.11.12"]
[SourceVersion "1"]
[SourceVersionDate "2012.11.12"]
[SourceQuality "1"]
[WhiteTeam "France"]
[BlackTeam "Romania"]
[WhiteTeamCountry "FRA"]
[BlackTeamCountry "ROU"]

1. e4 e6 2. d4 d5 3. Nd2 c5 4. Ngf3 Nf6 5. exd5 exd5 6. Bb5+ Bd7 7. Qe2+ Be7 8. 0-0 0-0 9. dxc5 Bxc5 10. Nb3 Bb6 11. Bg5 h6 12. Bh4 Re8 13. Qd3 Nc6 14. Qd2 Bg4 15. Nbd4 Bxd4 16. Bxc6 bxc6 17. Qxd4 Bxf3 18. Bxf6 Qxf6 19. Qxf6 gxf6 20. gxf3 Re2 21. Rac1 Rb8 22. b3 Rbe8 23. Rfd1 Kg7 24. a3 Kg6 25. c4 Ra2 26. cxd5 cxd5 27. Ra1 Rxa1 28. Rxa1 d4 29. Rd1 Rd8 30. Rd3 Kf5 31. Kf1 Ke5 32. Ke2 f5 33. Rd2 Rc8 34. h4 Rc3 35. Rd3 Rc2+ 36. Rd2 Rxd2+ 37. Kxd2 Kf4 38. b4 Kxf3 39. b5 Kxf2 40. a4 f4 41. a5 f3 42. b6 axb6 43. axb6 Kg2 0-1

[Event "IECC Swiss-517.1"]
[Site "IECC email"]
[Date "2006.10.16"]
[Round "?"]
[White "MacGregor, Michael"]
[Black "Cremers, Frans Jozef"]
[Result "1-0"]
[WhiteElo "2121"]
[BlackElo "1452"]
[PlyCount "77"]
[EventDate "2006.??.??"]
[EventType "swiss (corr)"]
[EventRounds "1"]
[SourceTitle "Corr 2008"]
[Source "ChessBase"]
[SourceDate "2008.06.24"]
[SourceVersion "1"]
[SourceVersionDate "2008.06.24"]
[SourceQuality "1"]

1. e4 c5 2. Nf3 d6 3. d4 cxd4 4. Nxd4 Nf6 5. Nc3 Nc6 6. Bc4 Qb6 7. Nb3 e6 8. 0-0 Be7 9. Be3 Qc7 10. f4 a6 11. Bd3 b5 12. Qf3 Bb7 13. Qh3 0-0 14. Rae1 b4 15. Nd1 Rad8 16. g4 Na5 17. Nf2 Nc4 18. e5 dxe5 19. g5 Rxd3 20. cxd3 Nxe3 21. gxf6 Nxf1 22. fxe7 Qxe7 23. Rxe5 Nxh2 24. Kxh2 Rc8 25. Re2 Bd5 26. Ne4 a5 27. f5 Bxe4 28. dxe4 a4 29. fxe6 Qc7+ 30. Kg2 axb3 31. exf7+ Kxf7 32. Rf2+ Ke7 33. Qf5 Rh8 34. Qd5 Ke8 35. Rf5 bxa2 36. Qe6+ Qe7 37. Qc6+ Qd7 38. Re5+ Kd8 39. Qb6+ 1-0